Computer Artichecture : (Record no. 36462)
[ view plain ]
| 000 -LEADER | |
|---|---|
| fixed length control field | 00572nam a22001817a 4500 |
| 005 - DATE AND TIME OF LATEST TRANSACTION | |
| control field | 20241010130336.0 |
| 008 - FIXED-LENGTH DATA ELEMENTS--GENERAL INFORMATION | |
| fixed length control field | 240826b |||||||| |||| 00| 0 eng d |
| 020 ## - INTERNATIONAL STANDARD BOOK NUMBER | |
| ISBN | 978-93-81269-22-0 |
| 082 ## - DEWEY DECIMAL CLASSIFICATION NUMBER | |
| Item number | HEN-C |
| Classification number | 004.22 |
| 100 ## - MAIN ENTRY--AUTHOR | |
| Author Name | Hennessy, John L |
| 245 ## - TITLE STATEMENT | |
| Title | Computer Artichecture : |
| Remainder of title | A Quantitative Approach / |
| Statement of responsibility, etc. | by John, L. Hennessy, and David A. Patterson |
| 250 ## - EDITION STATEMENT | |
| Edition statement | 5th ed. |
| 260 ## - PUBLICATION, DISTRIBUTION, ETC. | |
| Place of Publication | India : |
| Name of publisher, distributor, etc. | Elsevier ; |
| Date of publication, distribution, etc. | 2012 . |
| 300 ## - PHYSICAL DESCRIPTION | |
| Pages | xxvii, 493 p. : |
| 500 ## - GENERAL NOTE | |
| General note | Include Index, Appendix, and References. |
| 650 ## - SUBJECT ADDED ENTRY--TOPICAL TERM | |
| Subject / Department | Engineering/ Computer |
| 300 ## - PHYSICAL DESCRIPTION | |
| -- | 24 cm |
| 952 ## - LOCATION AND ITEM INFORMATION (KOHA) | |
| -- | 0 |
| -- | 0 |
| 952 ## - LOCATION AND ITEM INFORMATION (KOHA) | |
| -- | 0 |
| -- | 0 |
| 952 ## - LOCATION AND ITEM INFORMATION (KOHA) | |
| -- | 0 |
| -- | 0 |
| 952 ## - LOCATION AND ITEM INFORMATION (KOHA) | |
| -- | 0 |
| -- | 0 |
| 952 ## - LOCATION AND ITEM INFORMATION (KOHA) | |
| -- | 0 |
| -- | 0 |
| Lost status | Damaged status | Collection code | Permanent Location | Current Location | Shelving Location | Date acquired | Full Call Number | Accession No./Barcode | Date last seen | Copy number | item type | Koha item type |
|---|---|---|---|---|---|---|---|---|---|---|---|---|
| Engineering | Superior Information Resource Center (SIRC) Superior University- Gold Campus | Superior Information Resource Center (SIRC) Superior University- Gold Campus | Engineering | 08/26/2024 | 004.22 HEN-C 2013 | 8617 | 08/26/2024 | 1 | BOOK | BOOK | ||
| Engineering | Superior Information Resource Center (SIRC) Superior University- Gold Campus | Superior Information Resource Center (SIRC) Superior University- Gold Campus | Engineering | 08/26/2024 | 004.22 HEN-C 2013 | 8618 | 08/26/2024 | 2 | BOOK | BOOK | ||
| Engineering | Superior Information Resource Center (SIRC) Superior University- Gold Campus | Superior Information Resource Center (SIRC) Superior University- Gold Campus | Engineering | 08/26/2024 | 004.22 HEN-C 2013 | 8619 | 08/26/2024 | 3 | BOOK | BOOK | ||
| Engineering | Superior Information Resource Center (SIRC) Superior University- Gold Campus | Superior Information Resource Center (SIRC) Superior University- Gold Campus | Engineering | 08/26/2024 | 004.22 HEN-C 2013 | 8620 | 08/26/2024 | 4 | BOOK | BOOK | ||
| Engineering | Superior Information Resource Center (SIRC) Superior University- Main Campus | Superior Information Resource Center (SIRC) Superior University- Main Campus | Engineering | 08/26/2024 | 004.22 HEN-C 2013 | 8621 | 08/26/2024 | 5 | BOOK | BOOK |
